Marvel Cinematic Universe Logic Puzzle Quiz Stats

 Plays Quiz Updated Feb 24, 2019

Score 0/36 Timer 20:00
313 Plays Today
% Correct








A1
???
100%








A6
???
99.2%








B2
???
65.6%








B5
???
50.8%








C3
???
48.8%








C4
???
45.7%








F1
???
45%








E5
???
44.4%








D4
???
41.4%








D3
???
40.1%








B6
???
38.3%








C6
???
33.5%








F6
???
33.4%








E2
???
31.5%








F3
???
29%








B4
???
27.3%








C5
???
25.4%








D5
???
22.9%
% Correct








E4
???
22.9%








D6
???
22%








E6
???
21.1%








A5
???
17.7%








B1
???
17.5%








C2
???
15.2%








B3
???
14.6%








F4
???
14.5%








D2
???
13.9%








A2
???
12.7%








A3
???
12.6%








A4
???
12.6%








C1
???
10.1%








E1
???
9.6%








D1
???
8.5%








F5
???
7.2%








E3
???
6.8%








F2
???
6.7%

You're not logged in!

Compare scores with friends on all Sporcle quizzes.
OR
Log In

Sporcle TV

Today on Sporcle TV


Watch our educational content, quiz creation guides, and fun videos on Sporcle TV.

Show Comments

Extras

Top Quizzes Today


Score Distribution

Your Account Isn't Verified!

In order to create a playlist on Sporcle, you need to verify the email address you used during registration. Go to your Sporcle Settings to finish the process.

Report this User

Report this user for behavior that violates our Community Guidelines.

Details: